000 01847nam0a2200409 4500
001 RU\NLR\BIBL_A\022658757
005 20260308044351.0
010 _a978-5-09-126322-0
_9700
035 _a(NLR Aleph) 022658757
090 _a13555677
_c13555677
100 _a20251101d2025 c y0rusy50 ca
101 0 _arus
_aeng
102 _aRU
_aGB
105 _aac j 000yy
181 0 _ai3
_baxxe
182 0 _an
200 1 _aАнглийский язык
_eучебное пособие
_eдля учащихся языковых курсов, обучающихся в системе дополнительного образования и внеурочной деятельности
_fЕ. В. Костюк, Л. Б. Колоницкая, М. Махоуни
203 _aТекст
_bвизуальный
_cнепосредственный
210 _aМосква
_cПросвещение
_a[London]
_d2025
215 _a160 с.
_cцв. ил., портр.
_d28
225 1 _aВместе
225 1 _aФГОС
300 _aНа обл.: Team up!: beginner / Evgeniya Kostyuk, Lidiya Kolonitskaya, Michelle Mahony
300 _aДоп. информ. в ссылках QR-кодов
333 _a6+
512 1 _6z11790
_aTeam up!
_ebeginner
_zeng
541 1 _aВместе
606 1 _aАнглийский язык
_jУчебные издания
_9972309
_3RU\NLR\AUTH\6646032
686 1 _aШ143.21-93рус5
700 1 _7ca
_8rus
_aКостюк
_bЕ. В.
_gЕвгения Владимировна
_9236790
_3RU\NLR\AUTH\770236846
701 1 _aКолоницкая
_bЛ. Б.
_gЛидия Борисовна
701 1 _aМахоуни
_bМ.
_gМишель
790 1 _7ba
_8rus
_aKostjuk
_bE. V.
_gEvgenija Vladimirovna
_9236793
_3RU\NLR\AUTH\770236849
942 _cUNSPEC
980 _aNB